| 000 | 00399pab a2200133 454500 | ||
|---|---|---|---|
| 008 | 180718b xxu||||| |||| 00| 0 eng d | ||
| 100 | _aRangarajan C. | ||
| 245 | _aBanking for the poor: new challenges | ||
| 362 | _a42(7), Apr 1994, p.25-26 | ||
| 650 | _a Financial Institutions -- Developing Countries | ||
| 650 | _aBanks and Banking -- Developing Countries | ||
| 773 | _aKurukshetra | ||
| 909 | _a26606 | ||
| 999 |
_c26606 _d26606 |
||